| 000 | 00370nam a2200157 4500 | ||
|---|---|---|---|
| 005 | 20260219160151.0 | ||
| 008 | cuc123 | ||
| 020 | _a8171945562 | ||
| 050 |
_aHF5636.G 46 GHO _b1 |
||
| 100 | _aGHOSH T.P | ||
| 245 | _ataxmann's financial accounting for managers | ||
| 260 |
_aNEW DELHI _bTAXMANNS _c2009c |
||
| 300 | _acs.5p | ||
| 500 | _aappendices | ||
| 942 |
_2lcc _cBK _n0 |
||
| 999 |
_c8788 _d8788 |
||